<?xml version="1.0" encoding="UTF-8"?>
<record
    xmlns:xsi="http://www.w3.org/2001/XMLSchema-instance"
    xsi:schemaLocation="http://www.loc.gov/MARC21/slim http://www.loc.gov/standards/marcxml/schema/MARC21slim.xsd"
    xmlns="http://www.loc.gov/MARC21/slim">

  <leader>01113nam a2200241 i 4500</leader>
  <controlfield tag="001">76720</controlfield>
  <controlfield tag="003">ES-MaACL</controlfield>
  <controlfield tag="005">20250830111413.0</controlfield>
  <controlfield tag="007">t|</controlfield>
  <controlfield tag="008">041005s1916    sp           ||||1| spa d</controlfield>
  <datafield tag="110" ind1="2" ind2=" ">
    <subfield code="a">Toledo (Archidi&#xF3;cesis). </subfield>
    <subfield code="b">Arzobispo (1913-1920: Victoriano Guisasola y Men&#xE9;ndez)</subfield>
    <subfield code="9">157837</subfield>
  </datafield>
  <datafield tag="245" ind1="1" ind2="0">
    <subfield code="a">Justicia y caridad en la organizaci&#xF3;n cristiana del trabajo : </subfield>
    <subfield code="b">carta pastoral del Emmo. y Rvmo. se&#xF1;or Cardenal Arzobispo de Toledo Primado de las Espa&#xF1;as, a sus amados clero y fieles.</subfield>
  </datafield>
  <datafield tag="260" ind1=" " ind2=" ">
    <subfield code="a">Madrid : </subfield>
    <subfield code="b">[s.n.], </subfield>
    <subfield code="c">1916 (</subfield>
    <subfield code="f">Imp. del Asilo de Hu&#xE9;rfanos)</subfield>
  </datafield>
  <datafield tag="300" ind1=" " ind2=" ">
    <subfield code="a">62 p. ; </subfield>
    <subfield code="c">24 cm.</subfield>
  </datafield>
  <datafield tag="530" ind1=" " ind2=" ">
    <subfield code="a">Disponible en formato digital.</subfield>
  </datafield>
  <datafield tag="610" ind1="2" ind2="4">
    <subfield code="a">Iglesia Cat&#xF3;lica-</subfield>
    <subfield code="x">Doctrina social</subfield>
    <subfield code="9">4642</subfield>
  </datafield>
  <datafield tag="650" ind1=" " ind2="4">
    <subfield code="a">Justicia social-</subfield>
    <subfield code="x">Aspectos religiosos-</subfield>
    <subfield code="x">Iglesia Cat&#xF3;lica.</subfield>
    <subfield code="9">157840</subfield>
  </datafield>
  <datafield tag="700" ind1="1" ind2=" ">
    <subfield code="a">Guisasola y Men&#xE9;ndez, Victoriano, </subfield>
    <subfield code="d">1852-1920</subfield>
    <subfield code="9">60900</subfield>
  </datafield>
  <datafield tag="852" ind1=" " ind2=" ">
    <subfield code="a">ES-MaACL</subfield>
    <subfield code="j">1501-F-20</subfield>
    <subfield code="9">79596</subfield>
    <subfield code="c">DEPOF</subfield>
    <subfield code="z">Revisado enlace: 27 de Marzo 2025.</subfield>
  </datafield>
  <datafield tag="856" ind1=" " ind2=" ">
    <subfield code="u">http://bdh-rd.bne.es/viewer.vm?id=0000132988&amp;page=1 </subfield>
    <subfield code="z">Biblioteca Digital Hisp&#xE1;nica</subfield>
  </datafield>
  <datafield tag="942" ind1=" " ind2=" ">
    <subfield code="2">udc</subfield>
  </datafield>
  <datafield tag="999" ind1=" " ind2=" ">
    <subfield code="c">76720</subfield>
    <subfield code="d">76720</subfield>
  </datafield>
  <datafield tag="952" ind1=" " ind2=" ">
    <subfield code="0">0</subfield>
    <subfield code="1">0</subfield>
    <subfield code="4">0</subfield>
    <subfield code="7">0</subfield>
    <subfield code="8">Colecci&#xF3;n_de_folletos</subfield>
    <subfield code="a">ATENEOM</subfield>
    <subfield code="b">ATENEOM</subfield>
    <subfield code="c">DEPOF</subfield>
    <subfield code="d">2008-01-17</subfield>
    <subfield code="e">SC</subfield>
    <subfield code="l">0</subfield>
    <subfield code="o">1501-F-20</subfield>
    <subfield code="p">1080277</subfield>
    <subfield code="r">2023-02-23 00:00:00</subfield>
    <subfield code="w">2023-02-23</subfield>
    <subfield code="y">FOLLETOS</subfield>
  </datafield>
</record>
